Statistics for Most Populated Cities In Southern Europe

Click here to take the quiz!

General Stats

  • This quiz has been taken 72 times
    (53 since last reset)
  • The average score is 8 of 10

Answer Stats

PopAnswer% Correct
3,166,000Madrid
100%
2,873,000Rome
100%
1,609,000Barcelona
94%
983,755Naples
92%
1,352,000Milan
88%
790,201Valencia
73%
886,837Turin
71%
690,556Seville
67%
1,374,000Belgrade
49%
801,349Zagreb
45%

Score Distribution

Percentile by Number Answered

Percent of People with Each Score

Your Score History

You have not taken this quiz since the last reset